000 00510nam a2200157 a 4500
001 000043910
005 20201002045036.0
008 140508s1994 sp c 000 0 spa d
020 _a848181041X
040 _aDO-SdBNP
_bspa
_cBNPHU
245 0 0 _aDiaphanoramas :
_ben el Museo Romántico.
260 _aMadrid, :
_bCentro Nacional de Exposiciones y Promoción Artística
_bMinisterio de Cultura,
_c1994.
300 _a109 p. :
_bretrs. ;
_c23 cm.
490 1 _aMuseo romántico
830 0 _aMuseo romántico
_971807
999 _c43399
_d43399